| 000 -LEADER |
| fixed length control field |
02632cam a2200505 a 4500 |
| 001 - CONTROL NUMBER |
| control field |
17404247 |
| 005 - DATE AND TIME OF LATEST TRANSACTION |
| control field |
20161109112409.0 |
| 008 - FIXED-LENGTH DATA ELEMENTS--GENERAL INFORMATION |
| fixed length control field |
120727s2009 paua b 101 0 eng c |
| 010 ## - LIBRARY OF CONGRESS CONTROL NUMBER |
| LC control number |
2012397198 |
| 016 7# - NATIONAL BIBLIOGRAPHIC AGENCY CONTROL NUMBER |
| Record control number |
101523956 |
| Source |
DNLM |
| 020 ## - INTERNATIONAL STANDARD BOOK NUMBER |
| International Standard Book Number |
9781605111124 |
| 020 ## - INTERNATIONAL STANDARD BOOK NUMBER |
| International Standard Book Number |
1605111120 |
| 035 ## - SYSTEM CONTROL NUMBER |
| System control number |
(OCoLC)ocn440848677 |
| 040 ## - CATALOGING SOURCE |
| Original cataloging agency |
NLM |
| Transcribing agency |
NLM |
| Modifying agency |
LHL |
| -- |
IXA |
| -- |
YDXCP |
| -- |
BTCTA |
| -- |
DLC |
| 042 ## - AUTHENTICATION CODE |
| Authentication code |
pcc |
| 050 00 - LIBRARY OF CONGRESS CALL NUMBER |
| Classification number |
R857.M3S954 2008 |
| 060 00 - NATIONAL LIBRARY OF MEDICINE CALL NUMBER |
| Classification number |
2010 C-662 |
| 060 10 - NATIONAL LIBRARY OF MEDICINE CALL NUMBER |
| Classification number |
WO 515 |
| Item number |
S989a 2009 |
| 082 00 - DEWEY DECIMAL CLASSIFICATION NUMBER |
| Classification number |
610.28 |
| Edition number |
23 |
| 111 2# - MAIN ENTRY--MEETING NAME |
| Meeting name or jurisdiction name as entry element |
Symposium HH "Advances in Material Design for Regenerative Medicine, Drug Delivery, and Targeting/Imaging" |
| Date of meeting |
(2008 : |
| Location of meeting |
Boston, Mass.) |
| 245 10 - TITLE STATEMENT |
| Title |
Advances in material design for regenerative medicine, drug delivery, and targeting/imaging : |
| Remainder of title |
symposium held December 1-3, 2008, Boston, Massachusetts, U.S.A. / |
| Statement of responsibility, etc. |
editors, V. Prasad Shastri ... [et al.]. |
| 260 ## - PUBLICATION, DISTRIBUTION, ETC. (IMPRINT) |
| Place of publication, distribution, etc. |
Warrendale, Pa. : |
| Name of publisher, distributor, etc. |
Materials Research Society, |
| Date of publication, distribution, etc. |
c2009. |
| 300 ## - PHYSICAL DESCRIPTION |
| Extent |
xii, 223 p. : |
| Other physical details |
ill. ; |
| Dimensions |
24 cm. |
| 490 0# - SERIES STATEMENT |
| Series statement |
Materials Research Society symposium proceedings, |
| International Standard Serial Number |
1946-4274 ; |
| Volume/sequential designation |
v. 1140 |
| 500 ## - GENERAL NOTE |
| General note |
"Symposium HH ... held December 1-3 at the 2008 MRS Fall Meeting in Boston, Massachusetts ..."--Preface [p. xi]. |
| 504 ## - BIBLIOGRAPHY, ETC. NOTE |
| Bibliography, etc |
Includes bibliographical references and index. |
| 650 #0 - SUBJECT ADDED ENTRY--TOPICAL TERM |
| Topical term or geographic name as entry element |
Biomedical materials |
| Form subdivision |
Congresses. |
| 650 #0 - SUBJECT ADDED ENTRY--TOPICAL TERM |
| Topical term or geographic name as entry element |
Medical instruments and apparatus |
| Form subdivision |
Congresses. |
| 650 #0 - SUBJECT ADDED ENTRY--TOPICAL TERM |
| Topical term or geographic name as entry element |
Nanomedicine |
| Form subdivision |
Congresses. |
| 650 #0 - SUBJECT ADDED ENTRY--TOPICAL TERM |
| Topical term or geographic name as entry element |
Nanostructured materials |
| Form subdivision |
Congresses. |
| 650 #0 - SUBJECT ADDED ENTRY--TOPICAL TERM |
| Topical term or geographic name as entry element |
Drug delivery systems |
| Form subdivision |
Congresses. |
| 650 #0 - SUBJECT ADDED ENTRY--TOPICAL TERM |
| Topical term or geographic name as entry element |
Nanoparticles |
| Form subdivision |
Congresses. |
| 650 #0 - SUBJECT ADDED ENTRY--TOPICAL TERM |
| Topical term or geographic name as entry element |
Regenerative medicine |
| General subdivision |
Materials |
| Form subdivision |
Congresses. |
| 650 12 - SUBJECT ADDED ENTRY--TOPICAL TERM |
| Topical term or geographic name as entry element |
Regenerative Medicine |
| Form subdivision |
Congresses. |
| 650 22 - SUBJECT ADDED ENTRY--TOPICAL TERM |
| Topical term or geographic name as entry element |
Drug Delivery Systems |
| Form subdivision |
Congresses. |
| 650 22 - SUBJECT ADDED ENTRY--TOPICAL TERM |
| Topical term or geographic name as entry element |
Nanostructures |
| Form subdivision |
Congresses. |
| 700 1# - ADDED ENTRY--PERSONAL NAME |
| Personal name |
Shastri, V. Prasad. |
| 710 2# - ADDED ENTRY--CORPORATE NAME |
| Corporate name or jurisdiction name as entry element |
Materials Research Society. |
| 710 2# - ADDED ENTRY--CORPORATE NAME |
| Corporate name or jurisdiction name as entry element |
Materials Research Society. |
| Subordinate unit |
Meeting |
| Date of meeting or treaty signing |
(2008 : |
| Location of meeting |
Boston, Mass.) |
| 776 08 - ADDITIONAL PHYSICAL FORM ENTRY |
| Relationship information |
Online version: |
| Main entry heading |
Symposium HH "Advances in Material Design for Regenerative Medicine, Drug Delivery, and Targeting/Imaging" (2008 : Boston, Mass.) |
| Title |
Advances in material design for regenerative medicine, drug delivery, and targeting/imaging. |
| Place, publisher, and date of publication |
Warrendale, Pa. : Materials Research Society, c2009 |
| Record control number |
(OCoLC)722071771 |
| 856 42 - ELECTRONIC LOCATION AND ACCESS |
| Materials specified |
Publisher description |
| Uniform Resource Identifier |
<a href="http://www.loc.gov/catdir/enhancements/fy1214/2012397198-d.html">http://www.loc.gov/catdir/enhancements/fy1214/2012397198-d.html</a> |
| 906 ## - LOCAL DATA ELEMENT F, LDF (RLIN) |
| a |
7 |
| b |
cbc |
| c |
pccadap |
| d |
2 |
| e |
ncip |
| f |
20 |
| g |
y-gencatlg |
| 942 ## - ADDED ENTRY ELEMENTS (KOHA) |
| Source of classification or shelving scheme |
|
| Koha item type |
Hard Covered Materials |